000
00180nam a2200085Ia 4500
008
120527s9999 xx 000 0 und d
100
_a
Roittm, van
245
_b
Immunology
942
_c
BK
999
_c
9171
_d
9171